| 000 | 00618nam a22002177a 4500 | ||
|---|---|---|---|
| 001 | 20631 | ||
| 003 | BD-RjUL | ||
| 005 | 20211209000606.0 | ||
| 008 | 140301s1948 enk||||| |||| 00| 0 eng d | ||
| 035 | _a(BD-RjUL)20693 | ||
| 040 |
_aBD-RjUL _beng _cBD-RjUL |
||
| 041 | _aeng | ||
| 082 |
_a821.5 _bPOA 1948. |
||
| 245 | _aAlexander Pope / | ||
| 260 |
_aNew York [N.Y.] : _bModern Library, _c1948. |
||
| 300 |
_axxxiii, 388 p. : _bill, ; _c 19 cm. |
||
| 490 | _aModern Library college editions. | ||
| 650 |
_aEnglish fiction. _963680 |
||
| 700 |
_aKronenberger ,Louis . _qLouis Kronenberger _963666 |
||
| 942 |
_2ddc _cBK |
||
| 999 |
_c20631 _d20631 |
||